000 00774nam a2200277 i 4500
001 C2-0133172
003 PPAK
005 20180727123310.0
008 971029s1995 my a|||| ||||| | may d
020 _a9837503130
040 _aPPAK
_beng
_cPPAK
_erda
082 0 4 _a899.233
_223
090 0 0 _a899.233
_bMOH
_dK
100 0 _aMohd. Zaini Abdul Samad,
_eauthor
245 1 0 _aKesabaran dan kejujuran
264 1 _aPetaling Jaya, Selangor :
_bPan Earth ,
_c1995
300 _a18 pages :
_bcolour illustrations ;
_c22 cm
336 _2rdacontent
_atext
337 _2rdamedia
_aunmediated
338 _2rdacarrier
_avolume
490 1 _aSiri akhlak mulia
650 1 0 _aChildren's stories, Malay
700 _eauthor
830 0 _aSiri akhlak mulia
942 _ddc
_cB
999 _c41876
_d41876